000 00470cam a2200193 4500
001 D3669
008 090401t1979 xxu||||| |||| 00| 0 eng d
035 _a(Sirsi) u74394
041 _aeng
050 _a692.5
100 _aWight, H.J.
245 _aFarm building cost guide 1979
250 _a5th
260 _aAberdeen
_bScottish Farm Building Investigation Unit
_c1979
300 _avi. 135p. 15cm x 22cm
350 _a1.5
942 _n0
948 _c04/03/1997
999 _c95833
_d95833